| 000 | 00516nam a2200181Ia 4500 | ||
|---|---|---|---|
| 003 | OSt | ||
| 005 | 20260117104233.0 | ||
| 008 | 210210b xxu||||| |||| 00| 0 eng d | ||
| 040 | _cAL | ||
| 041 | _aKannada | ||
| 082 | _a859/404 | ||
| 100 |
_aKRASHNAMURTI (V G) _9149056 _dಕೃಷ್ಣಮೂರ್ತಿ (ವಿಜಿ) |
||
| 245 |
_aSamadhiya suranga: _bಸಮಾಧಿಯ ಸುರಂಗ |
||
| 260 |
_aBengaluru _bGayatri Prakashana |
||
| 690 |
_aKannada Fiction _9149057 |
||
| 906 | _a021273 | ||
| 942 |
_2ddc _cBK |
||
| 999 |
_c145337 _d145337 |
||